[Event "SVK-ch U10"]
[Site "Tatralandia"]
[Date "2025.05.17"]
[Round "8"]
[White "Slamka, Matias"]
[Black "Gabris, Timotej"]
[Result "1-0"]
[WhiteElo "1367"]
[BlackElo "1115"]
[PlyCount "37"]
[EventDate "2025.05.11"]
[EventType "swiss"]
[EventRounds "9"]
[EventCountry "SVK"]
[SourceTitle "CB21_2025"]
[SourceDate "2025.05.21"]
[SourceVersion "1"]
[SourceVersionDate "2025.05.21"]
[SourceQuality "1"]

1. e4 d6 2. d4 Nf6 3. Nc3 g6 4. Nf3 Bg7 5. Bg5 0-0 6. Bc4 Nxe4 7. Nxe4 d5 8. Bd3 dxe4 9. Bxe4 c6 10. 0-0 Bg4 11. h3 Bxf3 12. Qxf3 h6 13. Bh4 g5 14. Qf5 Re8 15. Bg3 f6 16. Qh7+ Kf8 17. Bg6 Qxd4 18. Bxe8 Kxe8 19. Qg8+ 1-0